000 00552nam a2200229Ia 4500
005 20250425162453.0
008 250425s9999 xx 000 0 und d
020 _a9789702607175
041 _aspa
082 _a339
245 0 _aMACROECONOMIA: VERSION PARA LATINOAMERICA
250 _a7A ED.
260 _aMéxico
_bPEARSON EDUCACION
_c2007
260 _aNAUCALPAN DE JUAREZ
300 _a502
650 _aCLIENTES
650 _aESTRATEGIAS DE DESARROLLO
650 _aMARKETING
650 _aVENTAS
942 _c01
010 _a76391
999 _c229899
_d229899